Jugadores Míticos Francia - Estadísticas

Estadísticas generales
  • Esta prueba ha sido intentada 51 veces
  • La puntuación promedio es 15 de 20
Estadísticas de respuestas
Imagen Respuesta % Correcto
Mbappe
97%
Zidane
97%
Griezmann
95%
Henry
95%
Platini
95%
Ribery
95%
Cantona
82%
Vieira
82%
Desailly
79%
Deschamps
79%
Petit
74%
Trezeguet
74%
Blanc
71%
Pires
68%
Makelele
66%
Barthez
63%
Thuram
63%
Abidal
50%
Kopa
42%
Fontaine
37%
No se encontraron pruebas coincidentes
Distribución de puntuación
Porcentaje de gente con cada puntuación
Porcentaje por número respondido
Historial de tus puntuaciones
No has intentado esta prueba.